000 00779nam a22002417a 4500
001 BR8801947
003 BR-BrBNA
005 20241021114125.0
007 ta
008 230509b bl.||||| |||| 00| 0 por d
040 _aBR-BrBNA
_bpor
_cBiblioteca Nacional de Agricultura
041 _a(Por)
072 _aA50; P01; K01
_b/G514
090 _a A50 BR8801947 OBR
_b2024-6126
110 1 _aInstituto Brasileiro de Desenvolvimento Florestal, Brasilia, DF (Brasil). Depto. de Pesquisa
_95733
245 1 _aPlano diretor de pesquisas. 1987/1990 [Instituto Brasileiro de Desenvolvimento Florestal]
260 3 _aBrasilia, DF (Brasil):
_c1987.
300 _a42 p.
650 _aPESQUISA AGRICOLA
650 _aRECURSO NATURAL
650 _aPROGRAMA DE PESQUISA
942 _cBK
_2AGRIS
999 _c41764
_d41764